| 000 | 01005nam a2200253 a 4500 | ||
|---|---|---|---|
| 005 | 20180803165137.0 | ||
| 008 | 140313s1997 bl abd fr|||| 000 0 por d | ||
| 020 | _a8524006048 | ||
| 040 |
_aCO-BoIAVH _cCO-BoIAVH |
||
| 041 | 0 | _apor | |
| 044 | _abl | ||
| 082 | 0 | 4 |
_a333.714 _bI59r |
| 110 | 2 | _aInstituto Brasileiro de Geografia e Estatística | |
| 245 | 1 | 0 |
_aRecursos naturais e meio ambiente : _buma visao do Brasil / _cInstituto Brasileiro de Geografia e Estatística |
| 250 | _aSegunda edición | ||
| 260 |
_aRio de Janeiro : _bMinisterio do Planejamento e orçamento : _bInstituto Brasileiro de Geografia e Estatística , _c1997. |
||
| 300 |
_a208 páginas : _bIlustraciones, mapas, gráficos ; _c27 x 21 cm. _eMapa despegable. |
||
| 650 | 6 |
_aÁreas de conservación de recursos naturales _zBrasil |
|
| 650 | 6 | _aMedio ambiente | |
| 650 | 4 | _aBiodiversidad | |
| 662 | _aBrasil | ||
| 710 | 2 |
_aBrasil _bMinistério do Planejamento e Orçamento |
|
| 942 |
_cLIBRO _2ddc |
||
| 999 |
_c4004 _d4004 |
||